[Event "EU-ch U12"]
[Site "Herceg Novi"]
[Date "2005.09.18"]
[Round "5"]
[White "Giri, Anish"]
[Black "Vardanian, Haik"]
[Result "1/2-1/2"]
[WhiteElo "2112"]
[BlackElo "2204"]
[PlyCount "62"]
[EventDate "2005.09.14"]
[EventType "swiss"]
[EventRounds "9"]
[EventCountry "YUG"]
[SourceTitle "CBM 108 Extra"]
[Source "ChessBase"]
[SourceDate "2005.11.04"]
[SourceVersion "1"]
[SourceVersionDate "2005.11.04"]
[SourceQuality "1"]

1. e4 c5 2. Nf3 Nf6 3. Nc3 d5 4. e5 Nfd7 5. Nxd5 Nxe5 6. Nc3 Nec6 7. Bc4 e6 8.
O-O Be7 9. d3 O-O 10. Be3 a6 11. a4 Nd4 12. Ne4 Nbc6 13. c3 Nxf3+ 14. Qxf3 Ne5
15. Qg3 Nxc4 16. Bh6 Bf6 17. dxc4 Kh8 18. Rad1 Qe7 19. Be3 b6 20. a5 Bh4 21.
Qd6 Bb7 22. Ng3 Qxd6 23. Rxd6 bxa5 24. Rb6 Bxg3 25. fxg3 Be4 26. Bxc5 Rfc8 27.
Bd4 Kg8 28. Ra1 Rxc4 29. Rxa5 Rc6 30. Raxa6 Rxb6 31. Rxb6 e5 1/2-1/2

[Event "EU-ch U12"]
[Site "Herceg Novi"]
[Date "2005.09.21"]
[Round "7"]
[White "Tamazyan, Haik G"]
[Black "Giri, Anish"]
[Result "1-0"]
[WhiteElo "1980"]
[BlackElo "2112"]
[PlyCount "67"]
[EventDate "2005.09.14"]
[EventType "swiss"]
[EventRounds "9"]
[EventCountry "YUG"]
[SourceTitle "CBM 108 Extra"]
[Source "ChessBase"]
[SourceDate "2005.11.04"]
[SourceVersion "1"]
[SourceVersionDate "2005.11.04"]
[SourceQuality "1"]

1. d4 Nf6 2. Nf3 g6 3. c3 Bg7 4. Bg5 d5 5. Nbd2 O-O 6. e3 Ne4 7. Nxe4 dxe4 8.
Nd2 h6 9. Bf4 g5 10. Bg3 f5 11. Bc4+ e6 12. h4 f4 13. Bh2 b5 14. Bb3 Qf6 15.
Qe2 fxe3 16. fxe3 gxh4 17. Rf1 Qg6 18. O-O-O b4 19. cxb4 a5 20. bxa5 Nc6 21.
Rxf8+ Bxf8 22. Bxc7 Bb4 23. Qc4 Bd7 24. d5 Ne5 25. Bxe5 Rc8 26. Bc7 Bd6 27.
dxe6 Be8 28. Bxd6 Rxc4+ 29. Bxc4 Qxg2 30. a6 Qg5 31. a7 Qa5 32. Rg1+ Kh7 33. e7
Bg6 34. Rxg6 1-0

[Event "EU-ch U12"]
[Site "Herceg Novi"]
[Date "2005.09.23"]
[Round "9"]
[White "Kovalev, Vladislav"]
[Black "Giri, Anish"]
[Result "1-0"]
[WhiteElo "2027"]
[BlackElo "2112"]
[PlyCount "44"]
[EventDate "2005.09.14"]
[EventType "swiss"]
[EventRounds "9"]
[EventCountry "YUG"]
[SourceTitle "CBM 108 Extra"]
[Source "ChessBase"]
[SourceDate "2005.11.04"]
[SourceVersion "1"]
[SourceVersionDate "2005.11.04"]
[SourceQuality "1"]

1. e4 e6 2. d4 d5 3. Nc3 Bb4 4. Bd2 dxe4 5. Qg4 Nf6 6. Qxg7 Rg8 7. Qh6 Qxd4 8.
O-O-O Rg6 9. Qh4 Rg4 10. Qh6 Bf8 11. Qxf8+ Kxf8 12. Bh6+ Ke7 13. Rxd4 Nc6 14.
Rd2 e5 15. h3 Rg6 16. Be3 Be6 17. a3 a6 18. g3 h5 19. Bc5+ Ke8 20. Bg2 Nd7 21.
Be3 f5 22. Nge2 Rg7 1-0

[Event "EU-ch U12"]
[Site "Herceg Novi"]
[Date "2006.09.11"]
[Round "2"]
[White "Vazquez Torres, Adrian"]
[Black "Giri, Anish"]
[Result "1/2-1/2"]
[WhiteElo "1592"]
[BlackElo "2155"]
[PlyCount "50"]
[EventDate "2006.09.10"]
[EventType "swiss"]
[EventRounds "9"]
[EventCountry "MNE"]
[SourceTitle "CBM 114 Extra"]
[Source "ChessBase"]
[SourceDate "2006.11.03"]
[SourceVersion "1"]
[SourceVersionDate "2006.11.03"]
[SourceQuality "1"]

1. e4 c5 2. Nf3 e6 3. d4 cxd4 4. Nxd4 Nc6 5. Bc4 Nf6 6. Nc3 Qc7 7. O-O Nxd4 8.
Qxd4 Bc5 9. Qd1 a6 10. Qf3 Bd6 11. Qe2 Bxh2+ 12. Kh1 Be5 13. f4 Nh5 14. Qxh5
Bxc3 15. bxc3 Qxc4 16. Qf3 b5 17. f5 Bb7 18. f6 g6 19. Re1 d5 20. Qg3 O-O-O 21.
Qe5 dxe4 22. Bf4 Bd5 23. Qb8+ Kd7 24. Qd6+ Kc8 25. Qb8+ Kd7 1/2-1/2

[Event "EU-ch U12"]
[Site "Herceg Novi"]
[Date "2006.09.16"]
[Round "6"]
[White "Danilenko, Dmitriy"]
[Black "Giri, Anish"]
[Result "1-0"]
[WhiteElo "1992"]
[BlackElo "2155"]
[PlyCount "111"]
[EventDate "2006.09.10"]
[EventType "swiss"]
[EventRounds "9"]
[EventCountry "MNE"]
[SourceTitle "CBM 114 Extra"]
[Source "ChessBase"]
[SourceDate "2006.11.03"]
[SourceVersion "1"]
[SourceVersionDate "2006.11.03"]
[SourceQuality "1"]

1. e4 e6 2. d4 d5 3. Nc3 Bb4 4. Qd3 dxe4 5. Qxe4 Nf6 6. Qh4 Nbd7 7. Bd2 b6 8.
Bd3 Bb7 9. f3 Be7 10. Qf2 O-O 11. Nge2 c5 12. Be3 Rc8 13. Ng3 cxd4 14. Bxd4 Bc5
15. O-O-O Qe7 16. Nge4 Nxe4 17. Nxe4 Bxd4 18. Qxd4 Nc5 19. Nxc5 Qxc5 20. Qh4 g6
21. Kb1 Rfd8 22. Qf6 Qd4 23. Qg5 Rd5 24. Qc1 Rcd8 25. h4 Ba6 26. h5 Bxd3 27.
Rxd3 Qf6 28. hxg6 hxg6 29. Rxd5 Rxd5 30. Rd1 Qd8 31. Rxd5 Qxd5 32. a3 e5 33.
Qg5 Qd1+ 34. Ka2 e4 35. fxe4 Qxc2 36. Qd8+ Kh7 37. Qd5 Qc7 38. g4 Kg7 39. g5
Kf8 40. Qd4 Ke7 41. Qf6+ Ke8 42. Qh8+ Kd7 43. Qd4+ Kc8 44. Qd5 Qb7 45. Kb3
Qxd5+ 46. exd5 Kd7 47. Kc4 Ke7 48. Kb5 Kd6 49. Ka6 Kxd5 50. Kxa7 f5 51. gxf6
Ke6 52. Kxb6 Kxf6 53. Kc5 Ke5 54. b4 g5 55. b5 Ke6 56. Kd4 1-0

[Event "EU-ch U12"]
[Site "Herceg Novi"]
[Date "2006.09.17"]
[Round "7"]
[White "Fedoseev, Vladimir"]
[Black "Giri, Anish"]
[Result "0-1"]
[WhiteElo "2306"]
[BlackElo "2155"]
[PlyCount "90"]
[EventDate "2006.09.10"]
[EventType "swiss"]
[EventRounds "9"]
[EventCountry "MNE"]
[SourceTitle "CBM 114 Extra"]
[Source "ChessBase"]
[SourceDate "2006.11.03"]
[SourceVersion "1"]
[SourceVersionDate "2006.11.03"]
[SourceQuality "1"]

1. e4 c5 2. Nf3 e6 3. d4 cxd4 4. Nxd4 a6 5. Nc3 Qc7 6. Be3 Nf6 7. Qd2 b5 8. f3
b4 9. Na4 d5 10. e5 Nfd7 11. f4 Nc6 12. Bd3 Bb7 13. O-O Nxd4 14. Bxd4 Bc6 15.
b3 Bxa4 16. bxa4 Bc5 17. Bxc5 Qxc5+ 18. Kh1 O-O 19. Rab1 Qc3 20. Qf2 Nc5 21.
Rfd1 Rfc8 22. a5 Rab8 23. h3 g6 24. Qf1 Nxd3 25. cxd3 Qa3 26. Rd2 Qxa5 27. g4
d4 28. Qf2 Qd5+ 29. Kh2 Rc3 30. h4 a5 31. h5 Rbc8 32. Re1 Rc1 33. Re4 Ra1 34.
hxg6 hxg6 35. Kg3 Rcc1 36. Qxd4 Rg1+ 37. Kh4 Qa8 38. Kg5 Kg7 39. Rh2 Rg2 40. f5
Rxh2 41. f6+ Kh7 42. Qxa1 Qf8 43. Kf4 Qh6+ 44. g5 Qh4+ 45. Ke3 Qf2# 0-1

[Event "EU-ch U12"]
[Site "Herceg Novi"]
[Date "2006.09.19"]
[Round "9"]
[White "Lortkipanidze, Nodar"]
[Black "Giri, Anish"]
[Result "0-1"]
[WhiteElo "2087"]
[BlackElo "2155"]
[PlyCount "52"]
[EventDate "2006.09.10"]
[EventType "swiss"]
[EventRounds "9"]
[EventCountry "MNE"]
[SourceTitle "CBM 114 Extra"]
[Source "ChessBase"]
[SourceDate "2006.11.03"]
[SourceVersion "1"]
[SourceVersionDate "2006.11.03"]
[SourceQuality "1"]

1. e4 e6 2. d4 d5 3. Nc3 Bb4 4. e5 c5 5. Bd2 Ne7 6. Nb5 Bxd2+ 7. Qxd2 O-O 8. c3
Qb6 9. Nf3 Bd7 10. dxc5 Qxc5 11. Nbd4 Nbc6 12. Bd3 f6 13. exf6 Rxf6 14. Qe2 e5
15. Nxe5 Nxe5 16. Qxe5 Nc6 17. Qh5 Rh6 18. Qd1 Re8+ 19. Be2 Nxd4 20. cxd4 Qd6
21. Kf1 Rhe6 22. Bd3 Qb4 23. a3 Qxb2 24. Rb1 Qc3 25. Be2 Rxe2 26. Qxe2 Rxe2 0-1

[Event "IND-ch U11 20th"]
[Site "Chennai"]
[Date "2006.11.05"]
[Round "3"]
[White "Girish, A Koushnik"]
[Black "Manikandan, SS."]
[Result "0-1"]
[WhiteElo "1995"]
[BlackElo "1828"]
[PlyCount "146"]
[EventDate "2006.11.04"]
[EventType "swiss"]
[EventRounds "11"]
[EventCountry "IND"]
[SourceTitle "EXT 2010"]
[Source "ChessBase"]
[SourceDate "2010.11.25"]
[SourceVersion "1"]
[SourceVersionDate "2010.11.25"]
[SourceQuality "1"]

1. d4 d5 2. c4 e6 3. Nf3 Nf6 4. Nc3 Be7 5. Bg5 O-O 6. e3 Ne4 7. Bxe7 Qxe7 8.
cxd5 Nxc3 9. bxc3 exd5 10. Qb3 Rd8 11. c4 dxc4 12. Bxc4 Nc6 13. Qc3 Bg4 14. Be2
Rd6 15. Ng1 Bf5 16. Kf1 Rad8 17. Nf3 Bg4 18. h3 Bh5 19. Rb1 b6 20. Rb5 Bg6 21.
h4 h6 22. h5 Bh7 23. Bd3 Na5 24. Bxh7+ Kxh7 25. Ke2 Rd5 26. Rxd5 Rxd5 27. Qd3+
Kg8 28. Rh4 c5 29. Re4 Qd7 30. g4 c4 31. Qc2 Qb5 32. a4 Qd7 33. Ne5 Qc8 34. Rf4
c3 35. Kd1 b5 36. axb5 Rxb5 37. Nxf7 Qc6 38. f3 Rb2 39. Ne5 Rxc2 40. Nxc6 Rd2+
41. Ke1 Nxc6 42. Rf5 Nb4 43. Rb5 Nd3+ 44. Kf1 c2 45. Rb8+ Kh7 46. Rc8 c1=Q+ 47.
Rxc1 Nxc1 48. Ke1 Rd3 49. e4 a5 50. d5 a4 51. d6 Rxd6 52. e5 Re6 53. Kd1 a3 54.
Kxc1 Rxe5 55. Kb1 Re3 56. f4 Kg8 57. g5 hxg5 58. fxg5 Kf7 59. h6 gxh6 60. gxh6
Rh3 61. Ka2 Rxh6 62. Kxa3 Rb6 63. Ka4 Ke6 64. Ka5 Rb1 65. Ka4 Kd5 66. Ka5 Kc5
67. Ka4 Rb5 68. Ka3 Rb4 69. Ka2 Kc4 70. Ka3 Kc3 71. Ka2 Ra4+ 72. Kb1 Ra3 73.
Kc1 Ra1# 0-1

[Event "IND-ch U11 20th"]
[Site "Chennai"]
[Date "2006.11.09"]
[Round "9"]
[White "Girish, A Koushnik"]
[Black "Jayavel, Mughil"]
[Result "1-0"]
[WhiteElo "1995"]
[BlackElo "1747"]
[PlyCount "75"]
[EventDate "2006.11.04"]
[EventType "swiss"]
[EventRounds "11"]
[EventCountry "IND"]
[SourceTitle "EXT 2010"]
[Source "ChessBase"]
[SourceDate "2010.11.25"]
[SourceVersion "1"]
[SourceVersionDate "2010.11.25"]
[SourceQuality "1"]

1. d4 Nf6 2. Nf3 g6 3. c4 Bg7 4. Nc3 d6 5. g3 O-O 6. Bg2 Nbd7 7. O-O e5 8. e4
c6 9. h3 Qb6 10. dxe5 dxe5 11. Qc2 Re8 12. Be3 Qa6 13. b3 Nb6 14. Rfd1 Qa3 15.
c5 Nbd7 16. Na4 Qb4 17. Nd2 Bf8 18. a3 Qa5 19. Nc4 Qc7 20. b4 Nb8 21. Bg5 Be7
22. Nab6 Nbd7 23. Nxa8 Qb8 24. Nd6 Bxd6 25. Rxd6 Qxa8 26. Bxf6 Nxf6 27. Rxf6
Be6 28. Rf3 Rd8 29. Rd3 f5 30. Rad1 Rxd3 31. Qxd3 fxe4 32. Qxe4 Qb8 33. Rd6 b6
34. Rxe6 Kf7 35. Qxc6 bxc5 36. Qd7+ Kf8 37. Bd5 cxb4 38. Rf6# 1-0

[Event "IND-ch U11 20th"]
[Site "Chennai"]
[Date "2006.11.10"]
[Round "10"]
[White "Karma, Pandya"]
[Black "Girish, A Koushnik"]
[Result "0-1"]
[WhiteElo "1787"]
[BlackElo "1995"]
[PlyCount "142"]
[EventDate "2006.11.04"]
[EventType "swiss"]
[EventRounds "11"]
[EventCountry "IND"]
[SourceTitle "EXT 2010"]
[Source "ChessBase"]
[SourceDate "2010.11.25"]
[SourceVersion "1"]
[SourceVersionDate "2010.11.25"]
[SourceQuality "1"]

1. e4 c5 2. Nc3 d6 3. g3 g6 4. Bg2 Bg7 5. d3 Nc6 6. Be3 e6 7. Qd2 Nd4 8. Nge2
Ne7 9. Nd1 Nxe2 10. Qxe2 Nc6 11. c3 Rb8 12. O-O O-O 13. f4 Qc7 14. Nf2 b5 15.
Rfd1 Na5 16. Rac1 c4 17. d4 Nc6 18. e5 d5 19. g4 f5 20. exf6 Bxf6 21. g5 Bg7
22. Ng4 Bd7 23. Ne5 Nxe5 24. fxe5 Rf7 25. h4 Rbf8 26. Rf1 Rxf1+ 27. Rxf1 Rxf1+
28. Kxf1 Be8 29. Bf4 Qf7 30. Qf2 Qf5 31. Kg1 Qb1+ 32. Kh2 Qxa2 33. Bf3 Qa6 34.
Bg4 Bf7 35. Qe2 Qb7 36. Qd1 a5 37. Qa1 Qc7 38. Bd2 Bf8 39. Kg3 Be7 40. Qd1 Qd8
41. Qh1 Qe8 42. Qh3 Bd8 43. Qf1 Kg7 44. Qf4 Bg8 45. Bf3 Qf7 46. Qe3 Be7 47. Qe2
Qf5 48. Bg4 Qc2 49. h5 Bf7 50. hxg6 hxg6 51. Qh2 Kg8 52. Bf4 Qd3+ 53. Bf3 b4
54. Qd2 Qxd2 55. Bxd2 b3 56. Bc1 Kf8 57. Kf2 Ke8 58. Ke1 Kd7 59. Kd1 a4 60. Be2
Kc6 61. Bf3 Kb5 62. Bg4 a3 63. bxa3 Ka4 64. Bb2 Bxa3 65. Kc1 Be7 66. Kb1 Bxg5
67. Ka1 Bd2 68. Kb1 g5 69. Ka1 Kb5 70. Kb1 Bg6+ 71. Ka1 Bf5 0-1

[Event "IND-ch U11 20th"]
[Site "Chennai"]
[Date "2006.11.11"]
[Round "11"]
[White "Girish, A Koushnik"]
[Black "Gagare, Shardul"]
[Result "0-1"]
[WhiteElo "1995"]
[BlackElo "1915"]
[PlyCount "96"]
[EventDate "2006.11.04"]
[EventType "swiss"]
[EventRounds "11"]
[EventCountry "IND"]
[SourceTitle "EXT 2010"]
[Source "ChessBase"]
[SourceDate "2010.11.25"]
[SourceVersion "1"]
[SourceVersionDate "2010.11.25"]
[SourceQuality "1"]

1. Nf3 Nf6 2. c4 c5 3. e3 e6 4. d4 d5 5. Nc3 cxd4 6. exd4 dxc4 7. Bxc4 Be7 8.
O-O O-O 9. Bg5 Nbd7 10. Qe2 a6 11. a4 Nb6 12. Ba2 Nbd5 13. Rfe1 Ra7 14. Rad1 b6
15. Ne5 Rc7 16. Qd2 Bb7 17. Bb1 g6 18. Bh6 Re8 19. Na2 Qd6 20. Qe2 Bf8 21. Bxf8
Kxf8 22. Qd2 Kg7 23. Nc3 Rec8 24. Nxd5 Bxd5 25. Re3 Qf8 26. Rh3 Kg8 27. Re1 Qg7
28. f4 Nd7 29. Rf1 a5 30. Rg3 f5 31. Qe3 Nxe5 32. fxe5 Qf8 33. h4 Qb4 34. h5
Rg7 35. b3 Rcc7 36. h6 Rgf7 37. Rd1 f4 38. Rxg6+ hxg6 39. Qd3 Rf5 40. Qh3 Rg5
41. Qh4 Rxg2+ 42. Kf1 Qe7 43. h7+ Kh8 44. Qxe7 Rxe7 45. Rc1 Rxh7 46. Rc8+ Kg7
47. Rc7+ Kh6 48. Rc3 Kg5 0-1

[Event "Baltic Sea Chess Stars"]
[Site "Narva"]
[Date "2006.11.08"]
[Round "1.4"]
[White "Lapidus, Mark"]
[Black "Giri, Anish"]
[Result "0-1"]
[WhiteElo "1842"]
[BlackElo "2155"]
[PlyCount "78"]
[EventDate "2006.11.08"]
[EventType "team"]
[EventRounds "7"]
[EventCountry "EST"]
[SourceTitle "CBM 115 Extra"]
[Source "ChessBase"]
[SourceDate "2007.01.10"]
[SourceVersion "1"]
[SourceVersionDate "2007.01.10"]
[SourceQuality "1"]

1. c4 Nf6 2. Nc3 g6 3. g3 Bg7 4. Bg2 O-O 5. d4 d6 6. Nf3 Nbd7 7. O-O e5 8. e3
Re8 9. b3 exd4 10. exd4 Nf8 11. Bb2 Bf5 12. Qd2 Qd7 13. Rfe1 c6 14. Rad1 a6 15.
a4 Qc7 16. h3 Qb6 17. g4 Bd7 18. Qc2 h5 19. g5 Bf5 20. Qc1 N6h7 21. Ba3 Qxb3
22. Bxd6 Qxc4 23. Bf1 Qb3 24. Nd2 Qc2 25. Rxe8 Rxe8 26. Qxc2 Bxc2 27. Rc1 Bf5
28. Nf3 Rd8 29. Bc5 Ne6 30. Bb6 Rd7 31. h4 Nxd4 32. Bxd4 Bxd4 33. Ne2 Bb2 34.
Re1 Be4 35. Bg2 Nf8 36. Nf4 Bf5 37. Re8 Kg7 38. Ne5 Rd1+ 39. Kh2 Re1 0-1

[Event "Baltic Sea Chess Stars"]
[Site "Narva"]
[Date "2006.11.11"]
[Round "5.4"]
[White "Dragun, Kamil"]
[Black "Giri, Anish"]
[Result "1/2-1/2"]
[WhiteElo "1893"]
[BlackElo "2155"]
[PlyCount "92"]
[EventDate "2006.11.08"]
[EventType "team"]
[EventRounds "7"]
[EventCountry "EST"]
[SourceTitle "CBM 115 Extra"]
[Source "ChessBase"]
[SourceDate "2007.01.10"]
[SourceVersion "1"]
[SourceVersionDate "2007.01.10"]
[SourceQuality "1"]

1. e4 c5 2. Nf3 e6 3. Nc3 a6 4. d4 cxd4 5. Nxd4 Qc7 6. Bd3 Nf6 7. O-O Bc5 8.
Nb3 Be7 9. f4 d6 10. Kh1 Nbd7 11. Qf3 b5 12. a3 Bb7 13. Qg3 O-O 14. f5 Rfe8 15.
fxe6 fxe6 16. Nd4 Nf8 17. Be3 Bc8 18. Nf3 Ng6 19. e5 Nxe5 20. Nxe5 dxe5 21. Ne4
Nd5 22. Bh6 Bf8 23. Bd2 g6 24. Ng5 Nf4 25. Be4 Bb7 26. Bxb7 Qxb7 27. Bxf4 exf4
28. Qxf4 Bh6 29. Qe4 Qxe4 30. Nxe4 Bg7 31. c3 Rad8 32. g3 Rd5 33. Rae1 Rf8 34.
Kg2 a5 35. Rxf8+ Kxf8 36. Kf3 Rf5+ 37. Ke2 b4 38. axb4 axb4 39. cxb4 Rb5 40.
Nc5 Rxb4 41. Nxe6+ Kg8 42. Nxg7 Rxb2+ 43. Kf3 Kxg7 44. Re7+ Kg8 45. h4 Rb4 46.
Rc7 Ra4 1/2-1/2

[Event "Baltic Sea Chess Stars"]
[Site "Narva"]
[Date "2006.11.11"]
[Round "6.4"]
[White "Giri, Anish"]
[Black "Kantans, Toms"]
[Result "1-0"]
[WhiteElo "2155"]
[BlackElo "1840"]
[PlyCount "39"]
[EventDate "2006.11.08"]
[EventType "team"]
[EventRounds "7"]
[EventCountry "EST"]
[SourceTitle "CBM 115 Extra"]
[Source "ChessBase"]
[SourceDate "2007.01.10"]
[SourceVersion "1"]
[SourceVersionDate "2007.01.10"]
[SourceQuality "1"]

1. e4 e6 2. d4 b6 3. Nf3 Bb7 4. Bd3 Nf6 5. Nbd2 Be7 6. O-O c5 7. c3 d6 8. Re1
Nbd7 9. h3 cxd4 10. cxd4 O-O 11. e5 Nd5 12. Ne4 dxe5 13. dxe5 Nc5 14. Nxc5 Bxc5
15. Bxh7+ Kh8 16. Ng5 g6 17. Qg4 Ne7 18. Bxg6 Bxf2+ 19. Kxf2 fxg6+ 20. Kg1 1-0

[Event "St Petersburg op"]
[Site "St Petersburg"]
[Date "2007.11.04"]
[Round "9"]
[White "Nikitinyh, Boris Aleksandrovic"]
[Black "Giri, Anish"]
[Result "0-1"]
[WhiteElo "2221"]
[BlackElo "2341"]
[PlyCount "124"]
[EventDate "2007.10.27"]
[EventType "swiss"]
[EventRounds "9"]
[EventCountry "RUS"]
[SourceTitle "CBM 121 Extra"]
[Source "ChessBase"]
[SourceDate "2008.01.10"]
[SourceVersion "1"]
[SourceVersionDate "2008.01.10"]
[SourceQuality "1"]

1. e4 c5 2. Nf3 d6 3. Be2 Nf6 4. d3 Nc6 5. O-O e6 6. c4 Be7 7. Nc3 O-O 8. d4
cxd4 9. Nxd4 a6 10. Be3 Qc7 11. Rc1 Nxd4 12. Bxd4 b6 13. Na4 Nd7 14. Rc3 Bb7
15. f3 Bc6 16. b4 a5 17. b5 Bb7 18. Qe1 Nc5 19. Bd1 Qd8 20. Bc2 Nxa4 21. Bxa4
Bf6 22. Qe3 Bxd4 23. Qxd4 Qc7 24. Rd1 Rfd8 25. Rcd3 Rac8 26. Bb3 Kf8 27. a4 f6
28. Qf2 Ke7 29. Kf1 Qc5 30. Qg3 Qg5 31. Qxg5 fxg5 32. Kf2 Rc5 33. Ke3 e5 34.
Rh1 Rf8 35. h4 gxh4 36. Rxh4 h6 37. Rg4 g5 38. Rg3 Bc8 39. Rd1 Rf6 40. Rh1 Kf8
41. Kd3 Kg7 42. f4 exf4 43. Rf3 h5 44. Kc3 h4 45. Rd3 Kf8 46. Rd4 Ke7 47. Bd1
Rh6 48. Be2 h3 49. gxh3 Rxh3+ 50. Rxh3 Bxh3 51. Kd2 Be6 52. Ke1 Bf7 53. Kf2 Ke6
54. Rd1 Ke5 55. Rg1 Kxe4 56. Bf3+ Kf5 57. Bg4+ Kf6 58. Rd1 Ke7 59. Re1+ Re5 60.
c5 Rxe1 61. cxb6 Kd8 62. Kxe1 Bb3 0-1

[Event "Commonwealth-ch"]
[Site "New Delhi"]
[Date "2007.12.03"]
[Round "1"]
[White "Girish, A Koushnik"]
[Black "Ganguly, Surya Shekhar"]
[Result "0-1"]
[WhiteElo "2086"]
[BlackElo "2585"]
[PlyCount "104"]
[EventDate "2007.12.03"]
[EventType "swiss"]
[EventRounds "10"]
[EventCountry "IND"]
[SourceTitle "CBM 121 Extra"]
[Source "ChessBase"]
[SourceDate "2008.01.10"]
[SourceVersion "1"]
[SourceVersionDate "2008.01.10"]
[SourceQuality "1"]

1. d4 Nf6 2. Nf3 c5 3. d5 b5 4. c4 g6 5. cxb5 a6 6. Nc3 axb5 7. d6 exd6 8. Nxb5
Qa5+ 9. Nc3 Bg7 10. Bd2 Qb6 11. e3 d5 12. Qc2 O-O 13. Bd3 Na6 14. Na4 Qc6 15.
O-O d6 16. a3 Bg4 17. Nc3 Bxf3 18. gxf3 Qc8 19. Kg2 Re8 20. Bxa6 Qxa6 21. Rfe1
Re5 22. Ne2 Rh5 23. Ng3 Rh4 24. h3 Qc8 25. Rh1 Qe6 26. Rae1 Rc4 27. Qd3 Nd7 28.
b4 Ne5 29. Qb3 Rh4 30. bxc5 dxc5 31. Bc3 Rha4 32. Bxe5 Bxe5 33. Rd1 c4 34. Qb7
R4a5 35. Qb4 Rxa3 36. f4 Bf6 37. Qb7 R3a5 38. Rb1 R5a7 39. Qb6 c3 40. Rhc1 Ra2
41. f5 Qe5 42. fxg6 hxg6 43. Qd4 Qxd4 44. exd4 c2 45. Rb3 Bg5 46. Re3 Bxe3 47.
fxe3 Rb8 48. Ne2 Rb1 49. Kf3 Rxc1 50. Nxc1 Ra1 51. Nb3 Rb1 52. Nd2 Rb2 0-1

[Event "Commonwealth-ch"]
[Site "New Delhi"]
[Date "2007.12.05"]
[Round "4"]
[White "Saravana, Krishnan P"]
[Black "Girish, A Koushnik"]
[Result "1-0"]
[WhiteElo "2261"]
[BlackElo "2086"]
[PlyCount "105"]
[EventDate "2007.12.03"]
[EventType "swiss"]
[EventRounds "10"]
[EventCountry "IND"]
[SourceTitle "CBM 121 Extra"]
[Source "ChessBase"]
[SourceDate "2008.01.10"]
[SourceVersion "1"]
[SourceVersionDate "2008.01.10"]
[SourceQuality "1"]

1. e4 c5 2. Nc3 d6 3. Nf3 Nf6 4. d4 cxd4 5. Nxd4 g6 6. g3 Nc6 7. Nde2 Bg7 8.
Bg2 O-O 9. O-O Bg4 10. h3 Bxe2 11. Nxe2 Rc8 12. c3 b5 13. Nd4 Nxd4 14. cxd4 Nd7
15. Be3 Qa5 16. a4 b4 17. Qb3 Nb6 18. Rfd1 Nc4 19. Bf4 Qb6 20. Bf1 Na5 21. Qd3
Rfd8 22. Be3 Nc4 23. a5 Qb8 24. Bc1 Qc7 25. a6 Nb6 26. Bg5 h6 27. Rac1 Qd7 28.
Bd2 d5 29. Bxb4 dxe4 30. Qxe4 Rxc1 31. Rxc1 e6 32. Rd1 Bxd4 33. Rd2 e5 34. Bc5
Qf5 35. Qxf5 gxf5 36. b4 Kg7 37. Kg2 Kf6 38. f4 Nd5 39. fxe5+ Bxe5 40. Kf3 Bb8
41. Bc4 Ke6 42. b5 Rd7 43. Rxd5 Rxd5 44. b6 axb6 45. Bxb6 Kd6 46. Bxd5 Kxd5 47.
a7 Bxa7 48. Bxa7 Ke5 49. Be3 h5 50. h4 f6 51. Bc1 Kd5 52. Kf4 Ke6 53. Bb2 1-0

[Event "Commonwealth-ch"]
[Site "New Delhi"]
[Date "2007.12.06"]
[Round "6"]
[White "Sharma, R Preetham"]
[Black "Girish, A Koushnik"]
[Result "1-0"]
[WhiteElo "2314"]
[BlackElo "2086"]
[PlyCount "223"]
[EventDate "2007.12.03"]
[EventType "swiss"]
[EventRounds "10"]
[EventCountry "IND"]
[SourceTitle "CBM 121 Extra"]
[Source "ChessBase"]
[SourceDate "2008.01.10"]
[SourceVersion "1"]
[SourceVersionDate "2008.01.10"]
[SourceQuality "1"]

1. Nf3 Nf6 2. c4 g6 3. Nc3 d5 4. Qa4+ Bd7 5. Qb3 dxc4 6. Qxc4 Bg7 7. e4 O-O 8.
e5 Ne8 9. Be2 c6 10. Qh4 Nc7 11. d4 f6 12. O-O Nba6 13. a3 Nd5 14. Nxd5 cxd5
15. Bd2 Nc7 16. exf6 exf6 17. Qg3 Bb5 18. Bxb5 Nxb5 19. Bb4 Re8 20. a4 Nc7 21.
h4 Na6 22. Bd2 Qd7 23. Bc3 Qc7 24. Qxc7 Nxc7 25. Ra3 Kf7 26. Rb3 Rab8 27. Rc1
Ne6 28. Bd2 Bf8 29. g3 Red8 30. Be3 Rd7 31. Nd2 Be7 32. Kf1 Bf8 33. Ke2 Be7 34.
Kd3 Bf8 35. Nb1 Be7 36. Nc3 Bf8 37. Rb5 Rbd8 38. Ne2 h5 39. Rc3 b6 40. Rbb3 Bd6
41. Rc1 Rc7 42. Rxc7+ Bxc7 43. Rc3 Ke7 44. Rc1 Bd6 45. f3 Kd7 46. Bf2 Rc8 47.
Rh1 Ke7 48. Nc3 Nc7 49. g4 Kf7 50. Be3 Re8 51. Rc1 Rh8 52. Bf2 Re8 53. Rg1 Rh8
54. Rg2 Rh7 55. Ke2 Rh8 56. Kf1 Re8 57. Rg1 Re6 58. Kg2 Re8 59. Rc1 Bf4 60. Rc2
Bd6 61. Rc1 Bf4 62. Rd1 Bd6 63. Ra1 Re7 64. Kf1 Re8 65. Rb1 Re7 66. b4 Re8 67.
b5 Re7 68. Rc1 Re8 69. Rc2 Re7 70. Kg2 Re8 71. Ra2 Bb4 72. Ne2 Bd6 73. Rc2 Ne6
74. Bg3 Bxg3 75. Kxg3 Ke7 76. Rc6 Kd7 77. Nf4 Nxf4 78. Kxf4 Re6 79. gxh5 gxh5
80. Rc1 Re2 81. Rg1 Ke6 82. Rg7 Rd2 83. Ke3 Ra2 84. Rxa7 Kf5 85. Ra6 Ra3+ 86.
Kd2 Rxf3 87. Rxb6 Rf4 88. Kc3 Rxh4 89. a5 Rh1 90. a6 Ra1 91. Rd6 h4 92. Rxd5+
Kg6 93. Rd8 Kg7 94. Re8 f5 95. d5 f4 96. Re4 f3 97. Rxh4 f2 98. Rf4 f1=Q 99.
Rxf1 Rxf1 100. b6 Rb1 101. a7 Ra1 102. b7 Rxa7 103. b8=Q Rd7 104. Kd4 Kf7 105.
Qe5 Re7 106. Qf5+ Ke8 107. d6 Rd7 108. Qe6+ Kf8 109. Qxd7 Kg8 110. Ke5 Kh8 111.
Kf6 Kg8 112. Qg7# 1-0

[Event "Commonwealth-ch"]
[Site "New Delhi"]
[Date "2007.12.07"]
[Round "7"]
[White "Girish, A Koushnik"]
[Black "Jaydeep, Sharma"]
[Result "1-0"]
[WhiteElo "2086"]
[BlackElo "1901"]
[PlyCount "75"]
[EventDate "2007.12.03"]
[EventType "swiss"]
[EventRounds "10"]
[EventCountry "IND"]
[SourceTitle "CBM 121 Extra"]
[Source "ChessBase"]
[SourceDate "2008.01.10"]
[SourceVersion "1"]
[SourceVersionDate "2008.01.10"]
[SourceQuality "1"]

1. d4 d5 2. Nf3 Nf6 3. c4 e6 4. Nc3 Be7 5. Bg5 O-O 6. e3 h6 7. Bh4 b6 8. cxd5
exd5 9. Bd3 Bb7 10. O-O Nbd7 11. Rc1 c5 12. Qc2 cxd4 13. exd4 Rc8 14. Qb1 Re8
15. Bf5 g6 16. Bd3 Bf8 17. Bb5 Bg7 18. Ne5 g5 19. Bg3 a6 20. Bd3 Nh5 21. Bh7+
Kf8 22. Nxd7+ Qxd7 23. Bf5 Re6 24. Qd3 Nxg3 25. hxg3 Rc4 26. Bxe6 Qxe6 27. Ne2
Qc6 28. b3 Rxc1 29. Rxc1 Qd6 30. g4 Qd7 31. f3 Kg8 32. Ng3 Bf8 33. Nf5 a5 34.
a4 Qe6 35. Qe3 Qf6 36. Qe8 h5 37. Rc7 hxg4 38. fxg4 1-0